[Event "Pardubice"]
[Site "Pardubice"]
[Date "1994.??.??"]
[Round "7"]
[White "Polgar, Zsuzsa"]
[Black "Georgiev, Kiril"]
[Result "1-0"]
[WhiteElo "2550"]
[BlackElo "2615"]

1.d4 d5 2.c4 e6 3.Nc3 c6 4.e4 dxe4 5.Nxe4 Bb4+ 6.Bd2 Qxd4 7.Bxb4 Qxe4+ 8.Be2 Nd7
9.Nf3 c5 10.Bc3 Ngf6 11.Qd6 Qc6 12.Qxc6 bxc6 13.Nd2 Bb7 14.O-O-O O-O-O 15.Bf3 e5
16.g4 h6 17.h4 h5 18.gxh5 Kb8 19.Rhg1 Nxh5 20.Ne4 Bc8 21.Nd6 f6 22.Nf7 Rdf8
23.Nxh8 Rxh8 24.Bxh5 Rxh5 25.Rxg7 Nb6 26.Rd8 Rxh4 27.b3 Rf4 28.Ba5  1-0

[Event "Altensteig"]
[Site "Altensteig"]
[Date "1995.??.??"]
[Round "3"]
[White "Georgiev, Kiril"]
[Black "Zueger, Beat"]
[Result "1/2-1/2"]
[WhiteElo "2605"]
[BlackElo "2470"]

1.e4 e6 2.d4 d5 3.Nc3 Nf6 4.e5 Nfd7 5.f4 c5 6.Nf3 Nc6 7.Be3 cxd4 8.Nxd4 Qb6
9.Qd2 Qxb2 10.Rb1 Qa3 11.Bb5 Nxd4 12.Bxd4 Bb4 13.O-O a6 14.Rb3 Qa5 15.Rfb1 Ba3
16.Bxd7+ Bxd7 17.Ne4 Qxd2 18.Nxd2 Be7 19.Rxb7 Bc6 20.Rc7 Bb5 21.c4 Bd8 22.Rc5 dxc4
23.Nxc4 O-O 24.Be3 Be7 25.Nd6 Rfd8 26.Rd1 Bxd6 27.exd6 Rac8 28.Rxc8 Rxc8
29.Bb6 Bd7 30.Bc7 Kf8 31.Kf2 Ke8 32.Ke3 Bc6 33.Kd4 Kd7 34.Rd3 f6 35.g3 Re8
36.Ra3 e5+ 37.fxe5 fxe5+ 38.Ke3 Bb5 39.Ra5 e4 40.a4 Bd3 41.Rf5 Ke6 42.Rf2 h5
43.h3 Rh8 44.Kd4 g5 45.g4 hxg4 46.hxg4 Rh1 47.Rf5 Rd1 48.Re5+ Kd7 49.Kc5 Rc1+
50.Kd5 Bc4+ 51.Kd4 Be6 52.Rxg5 Rc4+ 53.Ke3 Rxa4 54.Rg7+ Kc6 55.g5 a5 56.g6 Ra1
57.Re7 Bd7 58.g7 Rg1 59.Bxa5 Kxd6 60.Bb4+ Kc7 61.Kxe4 Kd8 62.Ke5 Ba4 63.Ra7 Bb3
64.Be7+ Kc8 65.Bd6 Re1+ 66.Kf5 Rf1+ 67.Bf4 Rg1 68.Bg5 Rf1+ 69.Kg6 Bc2+ 70.Kh5 Bd1+
71.Kh4 Bb3 72.Ra3 Be6 73.g8=Q+ Bxg8 74.Ra8+ Kd7 75.Rxg8 Rg1 76.Rg6 Rg2 77.Ra6 Rg1
78.Kh5 Rg2 79.Kg6 Rf2 80.Bf6 Rf1 81.Kf7 Rf3 82.Ra8 Rf1 83.Rd8+ Kc7 84.Rd5 Kc6
85.Rg5 Kd6 86.Rg2 Rf5 87.Re2 Kd5 88.Ke7 Rh5 89.Rd2+ Ke4 90.Ke6 Rh6 91.Rd4+ Ke3
92.Ra4 Rh5 93.Be5 Rh7 94.Kd5 Rd7+ 95.Bd6 Rd8 96.Re4+ Kd3 97.Re7 Rg8 98.Bc7 Rg5+
99.Be5 Rg8 100.Rd7 Re8 101.Rg7 Rd8+ 102.Bd6 Ke3 103.Rg3+ Kf2 104.Ra3 Ke2
105.Ke5 Re8+ 106.Kf4 Rd8 107.Be5 Rd3 108.Ra5 Rf3+ 109.Ke4 Re3+ 110.Kd5 Rb3
111.Bd4 Kd3 112.Ra1 Rb5+ 113.Bc5 Rb3 114.Rg1 Rb8 115.Rg3+ Ke2 116.Ke4 Re8+
117.Kf4 Re6 118.Bd4 Re8 119.Be5 Rf8+ 120.Ke4 Re8 121.Rg2+ Kf1 122.Ra2 Re7
123.Kf4 Rf7+ 124.Ke3 Re7 125.Rf2+ Kg1 126.Rf5 Re8 127.Kf3 Re6  1/2-1/2

[Event "Elenite"]
[Site "Elenite"]
[Date "1995.??.??"]
[Round "7"]
[White "Georgiev, Kiril"]
[Black "Miladinovic, Igor"]
[Result "1-0"]
[WhiteElo "2605"]
[BlackElo "2555"]

1.e4 c5 2.Nf3 Nc6 3.d4 cxd4 4.Nxd4 Qc7 5.Nc3 e6 6.g3 a6 7.Bg2 Nf6 8.O-O Bc5
9.Bf4 Ne5 10.Na4 Ba7 11.c4 d6 12.Rc1 Bd7 13.c5 O-O 14.b4 Bxa4 15.Qxa4 dxc5
16.bxc5 Qd7 17.Qxd7 Nfxd7 18.Rfd1 Rac8 19.Nb3 f6 20.Bh3 Rfe8 21.Bxe5 Nxe5
22.f4 Nc6 23.Rd7 Kf8 24.Rxb7 Re7 25.Rxe7 Kxe7 26.Bf1 a5 27.a4 e5 28.Kg2 Nd4
29.Nxd4 exd4 30.c6 Kd6 31.Bb5 Kc7 32.Kf3 Re8 33.Re1 Bc5 34.e5 fxe5 35.fxe5 Bb4
36.Re4 Bc5 37.Ke2 g6 38.Kd3 Bb6 39.Kc4 g5 40.Re1 h6 41.g4 Rd8 42.Kd3 Rf8
43.e6 Re8 44.Rf1 Kd6 45.Bc4 Re7 46.Rf6 Kxc6 47.Rxh6 Bc5 48.Ke4 Kd6 49.Rg6 Rh7
50.Rxg5 Bb4 51.Rd5+  1-0

[Event "Odorheiu Secuiesc zt"]
[Site "Odorheiu Secuiesc"]
[Date "1995.??.??"]
[Round "1"]
[White "Georgiev, Kiril"]
[Black "Gdanski, Jacek"]
[Result "1-0"]
[WhiteElo "2625"]
[BlackElo "2490"]

1.d4 Nf6 2.c4 c5 3.d5 d6 4.Nc3 g6 5.e4 Bg7 6.Bd3 O-O 7.h3 e6 8.Bg5 exd5 9.cxd5 h6
10.Be3 Re8 11.Nf3 b6 12.O-O Ba6 13.Re1 Bxd3 14.Qxd3 a6 15.Bf4 b5 16.Rad1 Qb6
17.e5 c4 18.Qd2 dxe5 19.Nxe5 b4 20.Ne4 Nxe4 21.Rxe4 Qb5 22.Qc2 b3 23.axb3 cxb3
24.Qb1 Nd7 25.Nxd7 Qxd7 26.Rb4 Be5 27.Bxe5 Rxe5 28.d6 Qe6 29.Qc1 Rd8 30.Rbd4 Rd7
31.Kh2 Kh7 32.Qc3 Re2 33.R1d2 Rxd2 34.Qxd2 a5 35.g3 h5 36.h4 a4 37.Qb4 Qf6
38.Rd2 Kg7 39.Kg2 Ra7 40.Qc5 Rd7 41.Qc6 Ra7 42.Qc8 a3 43.bxa3 b2 44.Qb8 Rxa3
45.d7 b1=Q 46.Qxb1 Ra8 47.Qe4 Rd8 48.Rd3 Qb2 49.Rd6 Kf8 50.Rd1 Qc3 51.Qd5 Qf6
52.Re1 Qb2 53.Qd6+ Kg7 54.Qc7  1-0

[Event "Odorheiu Secuiesc zt"]
[Site "Odorheiu Secuiesc"]
[Date "1995.??.??"]
[Round "3"]
[White "Georgiev, Kiril"]
[Black "Hracek, Zbynek"]
[Result "1/2-1/2"]
[WhiteElo "2625"]
[BlackElo "2595"]

1.e4 c5 2.Nf3 Nc6 3.d4 cxd4 4.Nxd4 Qc7 5.Nc3 e6 6.g3 a6 7.Bg2 Nf6 8.O-O Nxd4
9.Qxd4 Bc5 10.Bf4 d6 11.Qd2 h6 12.Rad1 e5 13.Be3 Ke7 14.f4 Be6 15.fxe5 dxe5
16.Nd5+ Bxd5 17.exd5 Rhd8 18.Kh1 Bxe3 19.Qxe3 Kf8 20.Rd2 Qd6 21.c4 Rac8 22.b3 b6
23.Bh3 Rc7 24.Rdf2 b5 25.Rxf6 gxf6 26.Qxh6+ Ke7 27.Be6 fxe6 28.Rxf6 Kd7 29.Rxe6 Qf8
30.Qh3 Qf3+ 31.Kg1 Qd1+ 32.Kg2 Qc2+ 33.Kg1 Qb1+ 34.Kg2 Qxa2+ 35.Kg1 Qb1+
36.Kg2 Qc2+ 37.Kg1 Qd1+ 38.Kg2 Qd2+ 39.Kg1 Qd1+ 40.Kg2 Qc2+  1/2-1/2

[Event "Odorheiu Secuiesc zt"]
[Site "Odorheiu Secuiesc"]
[Date "1995.??.??"]
[Round "5"]
[White "Georgiev, Kiril"]
[Black "Priehoda, Vitezslav"]
[Result "1-0"]
[WhiteElo "2625"]
[BlackElo "2400"]

1.d4 Nf6 2.c4 e6 3.Nc3 Bb4 4.Qc2 d5 5.cxd5 exd5 6.Bg5 Qd6 7.e3 Ne4 8.Bf4 Qg6
9.Qb3 Qb6 10.Bxc7 Bxc3+ 11.Qxc3 Qf6 12.Qc2 Bf5 13.Bd3 Nc6 14.Bg3 O-O 15.a3 Qg6
16.Rd1 Rac8 17.Qb1 Qf6 18.Ne2 g5 19.O-O h5 20.f3 Nxg3 21.Nxg3 Bg6 22.Bxg6 fxg6
23.Qd3 Ne7 24.Ne2 Qe6 25.Rc1 Kg7 26.Rxc8 Rxc8 27.e4 Rf8 28.Nc3 g4 29.exd5 Nxd5
30.Qe4 Nf4 31.Qxb7+ Rf7 32.Qe4 Qb3 33.Rf2 gxf3 34.Qxf3 g5 35.Qg3 Kh6 36.h4 gxh4
37.Qe3 Kg5  1-0

[Event "JUG-chT"]
[Site "Budva"]
[Date "1996.??.??"]
[Round "1"]
[White "Georgiev, Kiril"]
[Black "Marjanovic, Slavoljub"]
[Result "1-0"]
[WhiteElo "2615"]
[BlackElo "2445"]

1.e4 e6 2.d4 d5 3.Nd2 dxe4 4.Nxe4 Nd7 5.g3 Ngf6 6.Nxf6+ Nxf6 7.Bg2 c5 8.Ne2 Qb6
9.O-O Bd7 10.c4 cxd4 11.Nxd4 Rd8 12.Be3 Qxb2 13.Qb3 Qxb3 14.axb3 Bc5 15.Nxe6 fxe6
16.Bxc5 b5 17.Rxa7 Rc8 18.Bd6 bxc4 19.Bb7 Kf7 20.Bxc8 Rxc8 21.Be5 Ke8 22.Rd1 cxb3
23.Bxf6 gxf6 24.Rdxd7 b2 25.Rdb7  1-0

[Event "Cacak"]
[Site "Cacak"]
[Date "1996.??.??"]
[Round "4"]
[White "Georgiev, Kiril"]
[Black "Paunovic, Dragan"]
[Result "1-0"]
[WhiteElo "2620"]
[BlackElo "2495"]

1.d4 Nf6 2.c4 g6 3.Nf3 Bg7 4.g3 d5 5.Bg2 O-O 6.O-O Nc6 7.Nbd2 a5 8.b3 Ne4
9.Bb2 Be6 10.e3 f5 11.Qe2 Bf7 12.Rfd1 e6 13.a3 g5 14.Ne1 Ne7 15.Nd3 c6 16.Nxe4 fxe4
17.Ne5 Ng6 18.Nxf7 Rxf7 19.f3 exf3 20.Bxf3 Qb6 21.Bg4 Re8 22.b4 axb4 23.c5 Qc7
24.axb4 e5 25.Qd3 Rfe7 26.Ra3 exd4 27.exd4 Re1+ 28.Rxe1 Rxe1+ 29.Kf2 Re8
30.Kg2 Qe7 31.Ra7 Qc7 32.b5 cxb5 33.Qxb5 Re7 34.Qb3 Qc6 35.Bf3 Rd7 36.Bg4 Re7
37.Ra8+ Nf8 38.Rd8 Kh8 39.Qf3 Re8 40.Bd7 Rxd8 41.Bxc6 bxc6 42.Qf7 Rb8 43.Bc1 h6
44.h4 Rb1 45.Be3 Rb3 46.Kf2 gxh4 47.gxh4 Rb2+ 48.Kf1 Rb1+ 49.Ke2 Rb2+ 50.Kd1 Rb1+
51.Kc2 Rh1 52.Qe8  1-0

[Event "Cacak"]
[Site "Cacak"]
[Date "1996.??.??"]
[Round "6"]
[White "Georgiev, Kiril"]
[Black "Hodgson, Julian M"]
[Result "1-0"]
[WhiteElo "2620"]
[BlackElo "2550"]

1.d4 d5 2.c4 c6 3.Nc3 Nf6 4.e3 a6 5.Qc2 e6 6.Nf3 c5 7.dxc5 Bxc5 8.a3 Nc6
9.b4 Ba7 10.Bb2 dxc4 11.Bxc4 O-O 12.Rd1 Qe7 13.Ne4 Nxe4 14.Qxe4 f6 15.h4 Qf7
16.g4 Bb8 17.Bd3 f5 18.gxf5 exf5 19.Qc4 b5 20.Qxc6 Bb7 21.Qc3 Bxf3 22.Rg1 Ra7
23.Bxf5 Rc7 24.Rxg7+ Qxg7 25.Be6+ Kh8 26.Qxg7+ Rxg7 27.Rd7 Bh2 28.Bxg7+  1-0

[Event "JUG-chT"]
[Site "Niksic"]
[Date "1996.??.??"]
[Round "?"]
[White "Tseshkovsky, Vitaly"]
[Black "Georgiev, Kiril"]
[Result "0-1"]
[WhiteElo "2495"]
[BlackElo "2620"]

1.e4 c5 2.Nf3 d6 3.Bc4 Nf6 4.d3 Nc6 5.O-O Bg4 6.Re1 e6 7.h3 Bh5 8.Bb5 Nd7
9.c3 Be7 10.Bf4 Rc8 11.Bxc6 Rxc6 12.d4 O-O 13.Nbd2 cxd4 14.cxd4 Nf6 15.Rc1 Qb6
16.Rxc6 Qxc6 17.Qb3 Bg6 18.Bg5 h6 19.Bh4 Re8 20.e5 Bc2 21.Qa3 dxe5 22.Qxa7 e4
23.Ne5 Qb5 24.Nec4 Bd3 25.b3 Rd8 26.Bg3 Bb4 27.Rd1 Nd5 28.a3 Bxd2 29.Nxd2 e3
30.fxe3 Nxe3 31.Re1 Qg5 32.d5 Nxg2 33.Qf2  0-1

[Event "JUG-chT"]
[Site "Niksic"]
[Date "1996.??.??"]
[Round "?"]
[White "Georgiev, Kiril"]
[Black "Sherbakov, Ruslan"]
[Result "1-0"]
[WhiteElo "2620"]
[BlackElo "2555"]

1.c4 e6 2.Nc3 d5 3.d4 c6 4.e4 dxe4 5.Nxe4 Bb4+ 6.Bd2 Qxd4 7.Bxb4 Qxe4+ 8.Be2 Na6
9.Ba5 Bd7 10.Nf3 Nf6 11.Qd6 Qf5 12.Ne5 Qxf2+ 13.Kxf2 Ne4+ 14.Kf3 Nxd6 15.Rhd1 Ke7
16.c5 Nxc5 17.Bb4 b6 18.Rac1 Nce4 19.Bd3 Ng5+ 20.Kf4 c5 21.Nxd7 cxb4 22.Ne5 Rac8
23.Nc6+ Kf6 24.h4 e5+ 25.Ke3 Ne6 26.Rf1+ Nf4 27.g3 Rc7 28.gxf4 e4 29.Ba6 Nf5+
30.Kf2 e3+ 31.Kf3 e2 32.Bxe2 Rhc8 33.Ba6 Nd4+ 34.Kf2 Nxc6 35.Bxc8 Rxc8 36.Rfd1 Ke7
37.Rd2 a5 38.Re1+ Kf8 39.Rc2 Ne7 40.Rxc8+ Nxc8 41.Rc1 Ne7 42.Rd1 Ke8 43.h5 Nf5
44.Rd5 Ne7 45.Rd3 Nf5 46.Kf3 g6 47.Ke4 Ke7 48.hxg6 hxg6 49.Kd5 Kd7 50.Ke5+ Ke7
51.Ke4 Ke6 52.Rd8 Nd6+ 53.Kd4 Nf5+ 54.Kc4 Nd6+ 55.Kd3 Kd5 56.Ra8 f6 57.Rg8 g5
58.fxg5 fxg5 59.Rxg5+ Kc6 60.Rh5 Nb5 61.Rh6+ Kc5 62.Rg6 Nd6 63.Kc2 Nb7 64.Kd2 Kb5
65.Kd3 Nc5+ 66.Kd4 Na4 67.Rg2 Nc5 68.Rh2 Ne6+ 69.Ke5 Nc5 70.Kd5 Nd3 71.Kd4 Nc5
72.Rh5 Ka4 73.Rxc5  1-0

[Event "JUG-chT"]
[Site "Niksic"]
[Date "1996.??.??"]
[Round "?"]
[White "Dimitrov, Vladimir"]
[Black "Georgiev, Kiril"]
[Result "1/2-1/2"]
[WhiteElo "2530"]
[BlackElo "2620"]

1.e4 c5 2.Nf3 d6 3.d4 cxd4 4.Nxd4 Nf6 5.Nc3 a6 6.Be2 e6 7.O-O Be7 8.f4 Qc7
9.Kh1 O-O 10.a4 Rd8 11.Be3 b6 12.Bf3 Bb7 13.e5 Ne8 14.Bxb7 Qxb7 15.Qg4 Nc6
16.Rae1 Rac8 17.Qf3 Qd7 18.Qf2 Rb8 19.Rd1 Nxd4 20.Bxd4 Qc6 21.f5 dxe5 22.Bxe5 Rxd1
23.Rxd1 Rd8 24.Rxd8 Bxd8 25.h3 h6 26.Qe2 Qc8 27.fxe6 Qxe6 28.Bd4 Nc7 29.Qxe6 Nxe6
30.Be3 Bf6 31.Nd5 Bxb2 32.Bxb6 Ba3 33.c3 Kf8 34.Nb4 Bxb4 35.cxb4 Ke7 36.b5 axb5
37.axb5 Kd6 38.g4 Nc7 39.Bd4 f6 40.b6 Nd5 41.h4 Kc6 42.g5 hxg5 43.hxg5 fxg5  1/2-1/2

[Event "Villarrobledo rapid op"]
[Site "Villarrobledo"]
[Date "1997.08.24"]
[Round "6"]
[White "Georgiev, Kiril"]
[Black "Shirov, Alexei"]
[Result "1-0"]
[WhiteElo "2670"]
[BlackElo "2700"]

1.d4 Nf6 2.Nf3 g6 3.g3 Bg7 4.Bg2 O-O 5.O-O d6 6.c4 Nc6 7.Nc3 a6 8.d5 Na5
9.Nd2 c5 10.Qc2 Rb8 11.b3 b5 12.Rb1 e5 13.cxb5 axb5 14.b4 cxb4 15.Rxb4 Bf5
16.e4 Bd7 17.Qb1 Qe8 18.Bb2 Bh6 19.Qd3 Nb7 20.Rb1 Nc5 21.Qe2 Qd8 22.Bc1 Na6
23.R4b2 Qa5 24.Nb3 Qxc3 25.Bxh6 Rfc8 26.Bg5 Ne8 27.Rc1 Qb4 28.Nc5 Qxb2 29.Qxb2 Nxc5
30.Be3 Na4 31.Rxc8 Rxc8 32.Qb4 Nc3 33.a3 Kf8 34.Bf1 Ke7 35.f3 Na2 36.Qb2 Nc3
37.Bd2 Na4 38.Qb3 Nc5 39.Qe3 h5 40.Qh6 Nb3 41.Bg5+ f6 42.Qh7+ Kd8 43.Be3 Rc3
44.Bb6+ Kc8 45.Qe7 Nd2 46.Qd8+ Kb7 47.Ba5  1-0

[Event "Cappelle op"]
[Site "Cappelle la Grande"]
[Date "1997.??.??"]
[Round "3"]
[White "Georgiev, Kiril"]
[Black "Troyke, Christian"]
[Result "1-0"]
[WhiteElo "2645"]
[BlackElo "2380"]

1.d4 Nf6 2.Nf3 g6 3.g3 Bg7 4.Bg2 O-O 5.O-O d6 6.c4 Nbd7 7.Nc3 e5 8.h3 c6
9.e4 Qb6 10.c5 Qc7 11.cxd6 Qxd6 12.dxe5 Qxd1 13.Rxd1 Ne8 14.Bg5 Nc7 15.Be7 Re8
16.Bd6 Ne6 17.Rd2 g5 18.Rad1 h5 19.Ne2 Ndf8 20.g4 hxg4 21.hxg4 Ng6 22.Kh2 Nef4
23.Nxf4 Nxf4 24.Bh3 b6 25.Kg3 Ba6 26.Nxg5 Ne2+ 27.Kh4 Nf4 28.e6 Nxe6 29.Nxe6 Rxe6
30.f3 Rh6+ 31.Kg3 Be2 32.Rxe2 Rxd6 33.Rxd6 Be5+ 34.f4 Bxd6 35.e5 Be7 36.Rd2 Rd8
37.Rxd8+ Bxd8 38.g5 Be7 39.Bg2 c5 40.Bd5 Kg7 41.Kg4  1-0

[Event "Cappelle op"]
[Site "Cappelle la Grande"]
[Date "1997.??.??"]
[Round "7"]
[White "Georgiev, Kiril"]
[Black "Baklan, Vladimir"]
[Result "1/2-1/2"]
[WhiteElo "2645"]
[BlackElo "2530"]

1.d4 Nf6 2.Nf3 c5 3.d5 b5 4.Bg5 d6 5.Bxf6 exf6 6.e3 a6 7.a4 b4 8.Nbd2 g6
9.a5 Bg7 10.Nc4 f5 11.Be2 O-O 12.O-O Qe7 13.Qd3 Bd7 14.c3 bxc3 15.bxc3 Bb5
16.Rfc1 Nd7 17.Qd1 Rfe8 18.Bf1 Bxc4 19.Bxc4 Nf6 20.Nd2 Bh6 21.Nf1 f4 22.exf4 Bxf4
23.Rc2 Qe5 24.Ra4 Qe1 25.Qf3 Re4 26.g3 Be5 27.Kg2 Qb1 28.Qd3 Re1 29.Raa2 Rd1
30.Qe2 Re1 31.Qd3 Rd1 32.Qe2 Re1 33.Qd3  1/2-1/2

[Event "Metz op"]
[Site "Metz"]
[Date "1997.??.??"]
[Round "2"]
[White "Georgiev, Kiril"]
[Black "Gaspar, Lucien"]
[Result "1-0"]
[WhiteElo "2645"]
[BlackElo "2165"]

1.d4 Nf6 2.Nf3 d6 3.Nc3 g6 4.e4 Bg7 5.g3 O-O 6.Bg2 Nc6 7.h3 e5 8.Be3 exd4
9.Nxd4 Bd7 10.O-O Re8 11.f4 Nxd4 12.Bxd4 Bc6 13.Re1 a6 14.Qd3 Qe7 15.a4 Qf8
16.b4 Nh5 17.Kh2 Bxd4 18.Qxd4 Qg7 19.Qc4 g5 20.f5 Qe5 21.Qd3 Nf6 22.Nd5 Rec8
23.a5 Kg7 24.c4 Nd7 25.Nc3 Nf6 26.Nd5 Nd7 27.Qd2 h6 28.Rac1 Nf6 29.Rc3 Rab8
30.Rb3 b6 31.Ra3 bxa5 32.Nxf6 Rxb4 33.Nd5 Rxc4 34.Rxa5 Bb5 35.Rc1 Rd4 36.Qc3 c5
37.Raa1 Kh7 38.Ra2 h5 39.Rd2 Rc6 40.Kh1 Rc4 41.Qa3 Rxc1+ 42.Qxc1 Qxg3 43.Ra2 Kh6
44.Ra3 Qe5 45.h4 f6 46.Nxf6 Qxf6 47.Rg3 Kh7 48.Rxg5 Be2 49.e5 dxe5 50.Qd2  1-0

[Event "JUG Cup"]
[Site "Ulcinj"]
[Date "1997.??.??"]
[Round "?"]
[White "Narandzic, Vlado"]
[Black "Georgiev, Kiril"]
[Result "0-1"]
[WhiteElo "2390"]
[BlackElo "2645"]

1.e4 c5 2.Nf3 d6 3.d3 Nc6 4.Nbd2 g6 5.g3 Bg7 6.Bg2 Nf6 7.O-O Bg4 8.h3 Bxf3
9.Nxf3 O-O 10.c3 Rb8 11.a4 a6 12.Re1 Nd7 13.Be3 b5 14.axb5 axb5 15.d4 b4
16.Ra6 Qc7 17.Qa4 Rfc8 18.Bf1 Nb6 19.Qa1 bxc3 20.bxc3 cxd4 21.cxd4 Nb4 22.Rc1 Qd8
23.Ra7 Nc2 24.Qa5 Nxe3 25.Rxc8 Rxc8 26.fxe3 Bh6 27.Kf2 Rc7 28.g4 Qb8 29.Ra6 Nc8
30.Ra8 Qb2+ 31.Be2 Qc1 32.g5 Bf8 33.Qd2 Qb1 34.Qd3 Qb2 35.Qa6 Qc1 36.Ne1 e6
37.Nd3 Qc3 38.Nf4 h6 39.h4 hxg5 40.hxg5 Qc2 41.Nd3 Rc3 42.Ne1 Qxe4 43.Bd3 Qc6
44.Qa5 d5 45.Rb8 Qc7 46.Qa8 Ra3 47.Qb7 Ra2+ 48.Kf3 Qxb7 49.Rxb7 Nd6 50.Rd7 Rd2
51.Bc2 Nc4 52.Bb3 Nb2 53.Rb7 Bd6 54.Bc2 Nc4 55.Bd3 e5 56.e4 exd4 57.exd5 Ne5+
58.Ke4 Rd1 59.Rb1 Nxd3  0-1

[Event "Villarrobledo rapid op"]
[Site "Villarrobledo"]
[Date "1997.??.??"]
[Round "1"]
[White "Sanchez, A."]
[Black "Georgiev, Kiril"]
[Result "0-1"]
[WhiteElo "2100"]
[BlackElo "2670"]

1.e4 c5 2.c3 g6 3.Nf3 Bg7 4.d4 Qc7 5.g3 d6 6.Bg2 Nf6 7.Qe2 cxd4 8.Nxd4 Bg4
9.Bf3 Bh3 10.Bf4 Nbd7 11.Na3 a6 12.Ndc2 h6 13.Nc4 Rc8 14.b3 b5 15.e5 dxe5
16.Nxe5 Qxc3+ 17.Kd1 Bf5 18.Rc1 Nxe5 19.Bxe5 Rd8+ 20.Nd4 Rxd4+ 21.Bxd4 Qxd4+
22.Qd2 Qxd2+ 23.Kxd2 O-O 24.Rc7 Rd8+ 25.Kc1 e6 26.Ra7 Be4 27.Bxe4 Nxe4 28.Rxa6 Rc8+  0-1

[Event "Villarrobledo rapid op"]
[Site "Villarrobledo"]
[Date "1997.??.??"]
[Round "2"]
[White "Georgiev, Kiril"]
[Black "Montolio Benedicto, Cesar"]
[Result "1-0"]
[WhiteElo "2670"]
[BlackElo "2130"]

1.d4 Nf6 2.Nf3 g6 3.g3 Bg7 4.Bg2 d6 5.O-O O-O 6.Re1 c6 7.e4 Nbd7 8.e5 dxe5
9.dxe5 Nd5 10.Qe2 e6 11.c4 N5b6 12.Nc3 Qc7 13.Bf4 a5 14.Rad1 Nc5 15.b3 Bd7
16.Qe3 Na6 17.Ne4 Rad8 18.Bg5 Ra8 19.Nf6+ Kh8 20.Qf4 h5 21.g4 h4 22.Nxh4 Bc8
23.Re3  1-0

[Event "Villarrobledo rapid op"]
[Site "Villarrobledo"]
[Date "1997.??.??"]
[Round "4"]
[White "Georgiev, Kiril"]
[Black "Cramling, Pia"]
[Result "1-0"]
[WhiteElo "2670"]
[BlackElo "2520"]

1.d4 Nf6 2.Nf3 g6 3.g3 Bg7 4.Bg2 O-O 5.O-O d6 6.Re1 c6 7.e4 Bg4 8.Nbd2 Qc8
9.c3 Bh3 10.Bh1 h6 11.e5 dxe5 12.Nxe5 Nbd7 13.Nd3 Bf5 14.Nb3 Re8 15.Bg2 a5
16.a4 Bg4 17.Qc2 Bf5 18.Qe2 Bg4 19.Qf1 Nd5 20.Bd2 Kh7 21.c4 N5b6 22.Rec1 e5
23.h3 Bf5 24.g4 Bxd3 25.Qxd3 exd4 26.f4 Qc7 27.Rf1 Qd6 28.Kh1 Nc5 29.Nxc5 Qxc5
30.b3 Nd7 31.f5 Qd6 32.Rad1 Nc5 33.Qf3 Ne4 34.Bf4 Qb4 35.Rd3 Nc3 36.f6 Bxf6
37.Bxh6 Ne4 38.g5 Bxg5 39.Bxg5 Nxg5 40.Qf4 Qe7 41.Rxd4 Kg7 42.Rd3 Rad8 43.Rg3 Ne6
44.Qe5+ Kg8 45.Qxa5 Nc5 46.Rgf3 Ne4 47.Qb6 Qg5 48.Qc7 f5 49.Rg1 Rd2 50.Qxb7 Qf6
51.a5 Nf2+ 52.Rxf2 Rxf2 53.Qxc6 Qxc6 54.Bxc6 Re3 55.Ra1 Ree2 56.a6 Ra2 57.Rxa2 Rxa2
58.Ba4  1-0

[Event "Presidents Cup"]
[Site "Elista"]
[Date "1998.05.12"]
[Round "2.4"]
[White "Georgiev, Kiril"]
[Black "Vaganian, Rafael A"]
[Result "1/2-1/2"]
[WhiteElo "2675"]
[BlackElo "2630"]

1.e4 e6 2.d4 d5 3.Nd2 c5 4.Ngf3 Nc6 5.exd5 exd5 6.Bb5 Bd6 7.dxc5 Bxc5 8.O-O Ne7
9.Nb3 Bd6 10.Re1 O-O 11.Bg5 Bg4 12.Bh4 Re8 13.Bg3 Bxg3 14.hxg3 Qb6 15.Bd3 a5
16.Bxh7+ Kf8 17.Qd2 Bxf3 18.gxf3 a4 19.Nc1 Nd4 20.Kg2 Qf6 21.Re3 g6 22.Nd3 Kg7
23.Rh1 Nef5 24.Rxe8 Rxe8 25.Nf4 Rh8 26.c3 Ne6 27.Nxd5 Qe5 28.Re1 Nh4+ 29.gxh4 Qxd5
30.Qxd5 Nf4+ 31.Kg3 Nxd5 32.Re5 Rd8 33.Bxg6 Kxg6 34.c4 Nb4 35.Ra5 Rd2 36.a3 Nc6
37.Rb5 Rc2 38.Rxb7 Rxc4 39.h5+ Kxh5 40.Rxf7 Kg6 41.Rb7 Nd4 42.Kf4 Nb3+ 43.Ke3 Rc2
44.Rb4 Rxb2 45.Rxa4 Nc5 46.Ra5 Ne6 47.f4 Kf6 48.f3 Rc2 49.Ra6 Rc4 50.a4 Kf5
51.Ra5+ Kf6 52.Ra6 Kf5 53.Ra5+ Kf6 54.Ra6 Kf5 55.Ra5+  1/2-1/2

[Event "Recklinghauser Schachtage"]
[Site "Recklinghausen"]
[Date "1998.07.26"]
[Round "2"]
[White "Nenashev, Alexander"]
[Black "Georgiev, Kiril"]
[Result "1-0"]
[WhiteElo "2625"]
[BlackElo "2675"]

1.d4 Nf6 2.c4 c5 3.d5 b5 4.cxb5 a6 5.bxa6 Bxa6 6.Nc3 d6 7.e4 Bxf1 8.Kxf1 g6
9.Nf3 Bg7 10.h3 O-O 11.Kg1 Nbd7 12.Kh2 Qa5 13.Re1 Rfb8 14.Re2 Ne8 15.Rc2 Qa6
16.Bd2 Ne5 17.Nxe5 Bxe5+ 18.f4 Bg7 19.Qf3 Rb4 20.Re1 Rd4 21.Re3 Rb4 22.b3 Nc7
23.Ne2 Rb7 24.Bc3 Nb5 25.Bxg7 Kxg7 26.f5 c4 27.Qg3 Na3 28.Rc1 cxb3 29.axb3 Nb5
30.Nf4 Nd4 31.f6+ exf6 32.Nh5+ Kf8 33.Nxf6 Ne2 34.Rxe2 Qxe2 35.Qxd6+ Kg7
36.Qe5 Qd2 37.Rc3 h5 38.Ne8+ Kf8 39.Nd6 Rd7 40.Rc8+  1-0

[Event "Recklinghauser Schachtage"]
[Site "Recklinghausen"]
[Date "1998.08.01"]
[Round "8"]
[White "Georgiev, Kiril"]
[Black "Mainka, Romuald"]
[Result "1-0"]
[WhiteElo "2675"]
[BlackElo "2500"]

1.e4 c5 2.Nf3 Nc6 3.d4 cxd4 4.Nxd4 Nf6 5.Nc3 d6 6.Be2 e6 7.Be3 Be7 8.f4 a6
9.O-O Bd7 10.a4 O-O 11.Kh1 Qc7 12.Nf3 Nb4 13.a5 Rac8 14.Bd3 Bc6 15.Qe1 e5
16.Nh4 g6 17.fxe5 dxe5 18.Bh6 Nxd3 19.cxd3 Rfd8 20.Nf5 Nh5 21.Ne3 Rxd3 22.Ned5 Bxd5
23.Nxd5 Qd6 24.Qe2 Rd4 25.Qf3 Nf4 26.g3 Rd3 27.Ne3 Qd4 28.Rae1 Bc5 29.Bxf4 exf4
30.Qxf4 f5 31.Nd5 Rf8 32.g4 fxg4 33.Qxg4 Qe5 34.Rxf8+ Bxf8 35.Rf1 Rd2 36.Rf4 g5
37.h4 h5 38.Qxh5 Rd1+ 39.Kg2 Rd2+ 40.Kf1 Bg7 41.hxg5  1-0

[Event "Recklinghauser Schachtage"]
[Site "Recklinghausen"]
[Date "1998.08.31"]
[Round "7"]
[White "Georgiev, Kiril"]
[Black "Henrichs, Thomas"]
[Result "1-0"]
[WhiteElo "2675"]
[BlackElo "2445"]

1.e4 d5 2.exd5 Qxd5 3.Nc3 Qa5 4.d4 c6 5.Bc4 Bf5 6.Nf3 Nf6 7.Bd2 e6 8.Qe2 Bb4
9.O-O-O Nbd7 10.a3 Bxc3 11.Bxc3 Qc7 12.Ne5 Nxe5 13.dxe5 Nd5 14.Bd2 O-O-O
15.g4 Bg6 16.f4 h5 17.h3 Qb6 18.Rhf1 hxg4 19.hxg4 Qd4 20.f5 exf5 21.Bg5 Qxg4
22.Bxd8 Qxe2 23.Bxe2 Rxd8 24.Bf3 Ne3 25.Rxd8+ Kxd8 26.Rh1 Kd7 27.Rh4 Ke6
28.Ra4 Ng4 29.Bxg4 fxg4 30.Rxg4 Kxe5 31.Kd2 Kf6 32.Rb4 b5 33.a4 a5 34.axb5  1-0

[Event "Elista ol (Men)"]
[Site "Elista"]
[Date "1998.10.12"]
[Round "13"]
[White "Georgiev, Kiril"]
[Black "Nikolaidis, Ioannis"]
[Result "1-0"]
[WhiteElo "2660"]
[BlackElo "2530"]

1.d4 Nf6 2.Nf3 g6 3.g3 Bg7 4.Bg2 O-O 5.O-O d6 6.c4 Nc6 7.Nc3 Bf5 8.b3 Ne4
9.Nd5 Bd7 10.Bb2 e6 11.Nf4 Ng5 12.Nxg5 Qxg5 13.e3 Rae8 14.Qe2 Bc8 15.d5 Nd8
16.e4 f5 17.Bxg7 Kxg7 18.e5 exd5 19.Nxd5 Rxe5 20.Qb2 f4 21.gxf4 Rxf4 22.Nxf4 Qxf4
23.Rad1 Ne6 24.Kh1 b6 25.Rd3 Qf6 26.Re3 Nf4 27.Rxe5 dxe5 28.Qc3 Bf5 29.Rd1 c5
30.Qe3 h5 31.Re1 Nd3 32.Rf1 Qh4 33.Kg1 Kf6 34.Qh6 Qd4 35.Qf8+ Kg5 36.Qe7+ Kh6
37.Qxa7 h4 38.Qa8 e4 39.h3 e3 40.Qf8+ Kh5 41.Bf3+ Kg5 42.Qe7+ Kf4 43.fxe3+ Qxe3+
44.Qxe3+ Kxe3 45.Bg4 Nf4 46.Bxf5 gxf5 47.Kh2 Ke4 48.Re1+ Kd4 49.Re8 Nd3 50.Re6 Nc1
51.Kg2 Nxa2 52.Rxb6 Nc1 53.Rb5 Ne2 54.Kf3 Ng1+ 55.Kg2 Ne2 56.b4 cxb4 57.Rxb4 Nf4+
58.Kh2 Nd3 59.Rb8 Kxc4 60.Rh8 Kd4 61.Rxh4+ Ke3 62.Rh8 Nf2 63.h4 Kf4 64.Rg8 Ng4+
65.Kg2 Nf6 66.Rg6 Nh5 67.Kf2 Ke4 68.Ra6 Kf4 69.Ra4+ Ke5 70.Kf3 Kf6 71.Ra6+ Kg7
72.Ke3 Kf7 73.Ra4 Kf6 74.Ra5 Kg6 75.Rb5 Kf6 76.Rb1 Kg6 77.Rg1+ Kf6 78.Rg5 Ng7
79.Kf3 Ne6 80.Rg8 Ng7 81.Rh8 Ne6 82.Rh6+ Kf7 83.h5 Ke7 84.Rg6 Kf7 85.Rg2 Nf8  1-0

[Event "Eu Team Ch"]
[Site "Batumi GEO"]
[Date "1999.12.02"]
[Round "4"]
[White "Georgiev,Ki"]
[Black "Aleksandrov,A"]
[Result "1/2-1/2"]
[WhiteElo "2650"]
[BlackElo "2619"]

1.e4 e5 2.Nf3 Nc6 3.Bb5 Nf6 4.O-O Nxe4 5.d4 Nd6 6.Bxc6 dxc6 7.dxe5 Nf5 8.Qxd8+ Kxd8
9.Nc3 Ke8 10.h3 a5 11.Ne2 Ne7 12.Ng3 a4 13.a3 Nd5 14.Bd2 h6 15.Rad1 Bc5 16.Rfe1 Be6
17.Bc1 Bb6 18.Nd4 Bxd4 19.Rxd4 c5 20.Rdd1 c4 21.f4 Ne7 22.Nh5 g6 23.Ng7+ Kf8
24.Nxe6+ fxe6 25.g4 Ke8 26.Kf2 h5 27.Kg3 hxg4 28.hxg4 Rd8 29.Rxd8+ Kxd8 30.Bd2 Nd5
31.Re2 Rh1 32.c3 Ke7 33.Be1 Kf7 34.Kg2 Nxf4+ 35.Kxh1 Nxe2 36.Bd2 Ng3+ 37.Kg2 Ne4
38.Be3 b6 39.Kf3 Nc5 40.Bxc5 bxc5 41.Ke4  1/2-1/2

[Event "Veselin Boskovic Mem"]
[Site "Belgrade YUG"]
[Date "2000.10.04"]
[Round "2"]
[White "Georgiev,Ki"]
[Black "Ivanisevic,I"]
[Result "1-0"]
[WhiteElo "2661"]
[BlackElo "2530"]

1.d4 d5 2.c4 c6 3.Nf3 Nf6 4.Nc3 e6 5.Bg5 dxc4 6.e4 b5 7.e5 h6 8.Bh4 g5 9.Nxg5 hxg5
10.Bxg5 Nbd7 11.g3 Rg8 12.h4 Bb7 13.Bg2 Rxg5 14.hxg5 Nd5 15.g6 fxg6 16.Qg4 Qe7
17.Qxg6+ Qf7 18.Qxf7+ Kxf7 19.f4 Ne3 20.Be4 Rd8 21.Ke2 Nf5 22.Bxf5 exf5 23.Rh5 b4
24.Na4 c5 25.Nxc5 Bxc5 26.dxc5 Be4 27.c6 Nb6 28.Rh7+ Kg6 29.Rxa7 Nd5 30.Rd1 c3
31.c7 Rc8 32.Rxd5 cxb2 33.Rd1 Bc2 34.Re1 b1=Q 35.Rxb1 Bxb1 36.Ke3 Bc2 37.Kd4 Kf7
38.Kc5 Ke7 39.Kxb4 Kd7 40.Kb5 Be4 41.Kc5 Rxc7+ 42.Rxc7+ Kxc7 43.a4 Kd7 44.a5 Bf3
45.a6 Be4 46.Kd4 Bf3 47.Ke3 Ba8 48.a7 Ke6 49.Kf2 Kf7 50.Kg1 Kg6 51.Kh2 Bf3
52.Kh3 Kh5 53.Kh2 Kg6 54.Kg1 Ba8 55.Kf2 Kf7 56.g4 fxg4 57.Kg3 Bf3 58.f5 Ke7
59.e6 Kf6 60.Kf4 Ke7 61.Ke5  1-0